| 000 | 00385nam a2200133Ia 4500 | ||
|---|---|---|---|
| 008 | 240624s9999 xx 000 0 und d | ||
| 041 | _aeng | ||
| 082 | _a658.4022 HAR | ||
| 100 | _aHARVARD BUSINESS SCHOOL PRESS | ||
| 245 | _aCREATING TEAMS WITH AN EDGE THE COMPLETE | ||
| 260 |
_c2004 _aBoston _bHarvard Businesss School Press |
||
| 300 | _axvi, : 172 : p. : cm. ; 23 | ||
| 365 |
_cRS _b30 |
||
| 999 |
_c4588 _d4588 |
||